| 000 -LEADER | |
|---|---|
| fixed length control field | 00480nam a22001817a 4500 |
| 005 - DATE AND TIME OF LATEST TRANSACTION | |
| control field | 20230403143528.0 |
| 008 - FIXED-LENGTH DATA ELEMENTS--GENERAL INFORMATION | |
| fixed length control field | 230329b |||||||| |||| 00| 0 eng d |
| 020 ## - INTERNATIONAL STANDARD BOOK NUMBER | |
| ISBN | 978-1-032-30661-2 |
| 041 ## - LANGUAGE CODE | |
| Language code of text/sound track or separate title | eng |
| 082 ## - DEWEY DECIMAL CLASSIFICATION NUMBER | |
| Classification number | 615.19 SIM-S |
| 100 ## - MAIN ENTRY--AUTHOR NAME | |
| Personal name | SMITH,H.JOHN |
| 245 ## - TITLE STATEMENT | |
| Title | SMITH AND WILLIAMS INTRODUCTION TO THE PRINCIPLES OF DRUG DESIGN AND ACTION |
| 250 ## - EDITION STATEMENT | |
| Edition statement | 4th ed. |
| 260 ## - PUBLICATION, DISTRIBUTION, ETC. (IMPRINT) | |
| Name of publisher | CRS |
| Year of publication | 2022 |
| 300 ## - PHYSICAL DESCRIPTION | |
| Number of Pages | 658;P. |
| 650 ## - SUBJECT ADDED ENTRY--TOPICAL TERM | |
| Topical Term | PHARMACY |
| General subdivision | B.PHARMA |
| 942 ## - ADDED ENTRY ELEMENTS (KOHA) | |
| Koha item type | Books |
| Lost status | Damaged status | Collection code | Home library | Current library | Shelving location | Date acquired | Source of acquisition | Cost, normal purchase price | Full call number | Accession Number | Koha item type |
|---|---|---|---|---|---|---|---|---|---|---|---|
| Reference | JRU Library | JRU Library | SHELF-19-A | 23/03/2023 | LBI | 3695.00 | 615.19 SIM-S | 27603 | Books | ||
| PHARMACY | JRU Library | JRU Library | SHELF-19-A | 23/03/2023 | LBI | 3695.00 | 615.19 SIM-S | 27604 | Books | ||
| PHARMACY | JRU Library | JRU Library | SHELF-19-A | 23/03/2023 | LBI | 3695.00 | 615.19 SIM-S | 27605 | Books |